Textbook of Nursing Foundation (Record no. 1772)

MARC details
000 -LEADER
Fixed length control field 00564nam a22002057a 4500
003 - CONTROL NUMBER IDENTIFIER
Control field IIN
005 - DATE AND TIME OF LATEST TRANSACTION
Control field 20250429125323.0
008 - FIXED-LENGTH DATA ELEMENTS--GENERAL INFORMATION
Fixed length control field 250429s |||ad||| |||| 001 0 eng d
020 ## - INTERNATIONAL STANDARD BOOK NUMBER / ISBN
International Standard Book Number 9789392242847
Price Rs.1350.00
040 ## - CATALOGING SOURCE
Original cataloging agency IIN
082 ## - DEWEY DECIMAL CLASSIFICATION NUMBER
Classification number 610.73
Book Number KAT
100 ## - MAIN ENTRY--PERSONAL NAME
Personal name Kathwal, Jyoti
245 ## - TITLE STATEMENT
Title Textbook of Nursing Foundation
Sub title for BSc. Nursing Students Semester I & II/
Statement of responsibility Jyoti Kathwal
250 ## - EDITION STATEMENT
Edition statement 2nd ed.
260 ## - IMPRINT
Place of publication Punjab
Name of publisher VHS
Date of publication 2024
300 ## - PHYSICAL DESCRIPTION
Page / Vol. No xxiii, 934 p.
Other physical details col. ill.
500 ## - GENERAL NOTE
General note Includes Index
650 ## - SUBJECT ADDED ENTRY--TOPICAL TERM
Topical term Nursing
Form subdivision Foudation
942 ## - ADDED ENTRY ELEMENTS (KOHA)
Koha item type Books
Holdings
Withdrawn status Lost status Source of classification Damaged status Not for loan Collection code Home library Current library Shelving location Date acquired Price Total Checkouts Call number Accession number Date last seen Price effective from Koha item type
    Dewey Decimal Classification     Purches Book IDEAL INSTITUTE OF NURSING IDEAL INSTITUTE OF NURSING General Stacks 11/03/2025 1350.00   610.73 KAT 1937 29/04/2025 29/04/2025 Books
© Ideal Institute Of Nursing, All rights reserved.         Powered by Koha